书目信息 |
| 题名: |
2020年湖南省河湖长制工作创新案例汇编
|
|
| 作者: | ;湖南省河长制工作委员会办公室 , 湖南日报新媒体发展公司 编 | |
| 分册: | ||
| 出版信息: | 武汉 长江出版社 2022.01 |
|
| 页数: | 208页 | |
| 开本: | 26cm | |
| 丛书名: | ||
| 单 册: | ||
| 中图分类: | TV882.864 | |
| 科图分类: | ||
| 主题词: | 河道整治--he dao zheng zhi--责任制--案例--湖南--2020--汇编 | |
| 电子资源: | ||
| ISBN: | 978-7-5492-8190-9 | |
| 000 | 01310nam0 2200229 450 | |
| 001 | 011025153559 | |
| 005 | 20221025153559.0 | |
| 010 | @a978-7-5492-8190-9@dCNY80.00 | |
| 100 | @a20201004d2022 em y0chiy0110 ea | |
| 101 | 0 | @achi |
| 102 | @aCN@b420000 | |
| 105 | @aa z 000yy | |
| 106 | @ar | |
| 200 | 1 | @a2020年湖南省河湖长制工作创新案例汇编@A2020nian hu nan sheng he hu chang zhi gong zuo chuang xin an li hui bian@f湖南省河长制工作委员会办公室, 湖南日报新媒体发展有限公司编 |
| 210 | @a武汉@c长江出版社@d2022.01 | |
| 215 | @a208页@c彩图@d26cm | |
| 330 | @a本书全面总结湖南省各地“河湖长制”先进创新经验,编制河湖长制创新案例汇编,本书为省河长办及市州、县市区河长办下一阶段工作提供指导。在省委、省政府的坚强领导下,在水利部的精心指导下,省水利厅会同省直有关部门多措并举、密切协同,各市州党委政府担当尽责、狠抓落实,高效配合,不断推动河长制湖长制从“有名”“有实”向“有力”“有效”转变,河长制湖长制工作推进有力、河湖管理成效明显,再次获得国务院真抓实干激励表彰。 | |
| 606 | 0 | @a河道整治@Ahe dao zheng zhi@x责任制@x案例@y湖南@z2020@j汇编 |
| 690 | @aTV882.864@v5 | |
| 711 | 02 | @a湖南省河长制工作委员会办公室@Ahu nan sheng he chang zhi gong zuo wei yuan hui ban gong shi@4编 |
| 711 | 02 | @a湖南日报新媒体发展公司@Ahu nan ri bao xin mei ti fa zhan gong si@4编 |
| 905 | @a河南城建学院图书馆@dTV882.864@eH601 | |
| 2020年湖南省河湖长制工作创新案例汇编/湖南省河长制工作委员会办公室, 湖南日报新媒体发展有限公司编.-武汉:长江出版社,2022.01 |
| 208页:彩图;26cm |
| ISBN 978-7-5492-8190-9:CNY80.00 |
| 本书全面总结湖南省各地“河湖长制”先进创新经验,编制河湖长制创新案例汇编,本书为省河长办及市州、县市区河长办下一阶段工作提供指导。在省委、省政府的坚强领导下,在水利部的精心指导下,省水利厅会同省直有关部门多措并举、密切协同,各市州党委政府担当尽责、狠抓落实,高效配合,不断推动河长制湖长制从“有名”“有实”向“有力”“有效”转变,河长制湖长制工作推进有力、河湖管理成效明显,再次获得国务院真抓实干激励表彰。 |
| ● |
| 相关链接 |
|
|
|
正题名:2020年湖南省河湖长制工作创新案例汇编
索取号:TV882.864/H601
 
预约/预借
| 序号 | 登录号 | 条形码 | 馆藏地/架位号 | 状态 | 备注 |
| 1 | 1588549 | 215885497 | 自科库501/501自科库 48排7列3层/ [索取号:TV882.864/H601] | 在馆 |